| 000 | 01609cas a2200505 a 4500 | ||
|---|---|---|---|
| 001 | data | ||
| 005 | 20260322212120.0 | ||
| 008 | data | ||
| 010 |
_asf 90015081 _zsn 87018158 |
||
| 022 | _a0176-1226 | ||
| 023 | 0 | _a0176-1226 | |
| 035 | _a(OCoLC)15080033 | ||
| 040 |
_aHLS _beng _cHLS _dOCLCQ _dDLC _dNST _dHUL _dOCLCQ _dOCLCF _dOCLCO _dOCLCQ |
||
| 041 | 0 |
_afre _afre |
|
| 042 | _apcc | ||
| 050 | 0 | 0 | _aUNC |
| 050 | 4 |
_aNX3 _b.M34 x |
|
| 210 | 0 | _aMANA, Mannh. Anal. | |
| 222 | 0 | _aMANA, Mannheimer Analytika | |
| 245 | 0 | 0 |
_aMannheimer-Analytika = _bMannheim analytiques. |
| 246 | 1 | 1 | _aMannheim analytiques |
| 246 | 1 | 3 | _aMannheim-Analytika |
| 246 | 1 | 8 | _aMANA |
| 260 |
_aMannheim : _bLehrstuhl Romanistik I, Universität Mannheim, _c1983-1988. |
||
| 300 |
_a8 volumes : _billustrations ; _c21 cm. |
||
| 310 | _aIrregular | ||
| 336 |
_atext _btxt _2rdacontent |
||
| 337 |
_aunmediated _bn _2rdamedia |
||
| 338 |
_avolume _bnc _2rdacarrier |
||
| 362 | 0 | _a1-8. | |
| 490 | 1 |
_aNo. 4: Papiere des Münsteraner Arbeitskreises für Semiotik ; _v19 |
|
| 500 | _aTitle from cover. | ||
| 546 | _aGerman and French. | ||
| 650 | 0 | _aArts. | |
| 650 | 7 |
_aArts. _2fast _0(OCoLC)fst00817721 |
|
| 710 | 2 |
_aUniversität Mannheim. _bLehrstuhl Romanistik I. |
|
| 830 | 0 |
_aPapiere des Münsteraner Arbeitskreises für Semiotik ; _v19. |
|
| 906 |
_a7 _bcbc _cserials _du _encip _f19 _gn-oclcserc |
||
| 249 | 0 |
_iACQUIRE Title: _aMannheimer-Analytika = Mannheim analytiques |
|
| 592 | _aACQN: aq 94008590 | ||
| 592 | _aIrregular | ||
| 991 |
_bc-Ser _hUNC _wSERIALS |
||
| 992 |
_bGEN COLL _wACQUIRE |
||
| 999 |
_c1830 _d1830 |
||